000 00557nam a2200193Ia 4500
005 20250508151907.0
008 008 250505s9999 xx 000 0 eng d
037 _aTextual
040 _aFEDL
_beng
_cFEDL
041 _aeng
_2eng
084 _a808.8, NCE
_qFEDL
100 _aBasu A N Co.
_9760309
245 0 _aThoughts for the day
245 0 _cC.I.E. Studies in education and Psychology
260 _aDelhi, India
_bCentral Institute of Education
_c1956
300 _a18p.
942 _cTEXL
_h808.8, NCE
999 _c1332776
_d1332776